| 000 | 00923nam a2200253 a 4500 | ||
|---|---|---|---|
| 001 | 60637 | ||
| 003 | BD-RjUL | ||
| 005 | 20211209080850.0 | ||
| 008 | 170102s1981 nyua b 001 0 eng | ||
| 020 | _a0442224176 | ||
| 035 | _a(BD-RjUL)60761 | ||
| 040 |
_aDLC _cDLC _dDLC _dBD-RjUL _beng |
||
| 041 | _aeng | ||
| 082 | 0 | 0 |
_a384.544072 _223 _bHAN 1981 |
| 245 | 0 | 0 |
_aHandbook of radio and TV broadcasting : _bresearch procedures in audience, program, and revenues / _cedited by James E. Fletcher. |
| 260 |
_aNew York : _bVan Nostrand Reinhold, _cc1981. |
||
| 300 |
_aviii, 336 p. : _bill. ; _c29 cm. |
||
| 500 | _aIncludes index. | ||
| 650 | 0 |
_aBroadcasting _xResearch _xHandbooks, manuals, etc. _9180632 |
|
| 650 | 0 |
_aRadio audiences _xResearch _xHandbooks, manuals, etc. _9180633 |
|
| 650 | 0 |
_aTelevision viewers _xResearch _xHandbooks, manuals, etc. _9180634 |
|
| 700 | 1 |
_aFletcher, James E., _d1935- _9180635 |
|
| 942 |
_2ddc _cBK |
||
| 999 |
_c60637 _d60637 |
||